| 000 | 00800nam a2200241 a 4500 | ||
|---|---|---|---|
| 001 | BRCA_7286 | ||
| 005 | 20190320205800.0 | ||
| 008 | 140312s1914----gw-a######---#000-0#ger-# | ||
| 041 | _ager | ||
| 044 | _agw | ||
| 050 | 4 |
_aND565 _b.G76 1914 |
|
| 245 | 1 | 0 |
_aGrossherzoglich Hessisches Landesmuseum in Darmstadt _bVerzeichnis der Gemälde _cbearbeitet von F. Back. |
| 260 |
_aDarmstadt, Hesse, Alemania _b[F. Back] _c1914 |
||
| 300 |
_axxiii, 259 p. _bil., 112 láminas _c19 cm. |
||
| 500 | _aIncluye índice de abreviaturas | ||
| 500 | _aEn la portada tiene una firma (no legible) y el año 1916 | ||
| 500 | _aE187 | ||
| 650 | 1 | 4 |
_aPintura alemana _vCatálogos _918028 |
| 650 | 1 | 4 |
_aPintores alemanes _9797 |
| 700 | 1 |
_aBack, Friedrich _d1833-1901 _eEditor _918029 |
|
| 902 | _aGFM | ||
| 942 |
_2lcc _cB |
||
| 999 |
_c6964 _d6964 |
||